000 00698cam a2200217 a 4500
001 000014058
005 20260417092137.0
008 961119s1996 ck b 001 0 spa
040 _aDO-SdBNP
_cDLC
043 _as-ck---
082 _a323.44
_bV323L
100 1 _aVarón, Policarpo
_d1941-
_910582
245 1 3 _aLa libertad social :
_bglosas a la ley general de educación /
_cPolicarpo Varón.
260 _aSanta Fé de Bogotá :
_bGente Nueva,
_c1996.
300 _a85 p. ;
_c17 cm.
504 _aIncluye referencias bibliográficas (p. 85).
650 0 _aLibertad
_931851
650 4 _aEducación
_xLegislación
_zColombia.
_931852
910 _aCatalogación por copia / LC
049 _aBNGR
999 _c13660
_d13660